Our common future: (Record no. 2464)
[ view plain ]
| 000 -LEADER | |
|---|---|
| fixed length control field | 008640000a22002410004500 |
| 005 - DATE AND TIME OF LATEST TRANSACTION | |
| control field | 20231120093408.0 |
| 008 - FIXED-LENGTH DATA ELEMENTS--GENERAL INFORMATION | |
| fixed length control field | 230817t1987 ||||| |||| 00| 0 eng d |
| 020 ## - ISBN | |
| ISBN | 019282080X |
| 080 ## - UNIVERSAL DECIMAL CLASSIFICATION NUMBER | |
| Classification Number | 363.7 |
| Call Number | WOR |
| 082 ## - DEWEY DECIMAL CLASSIFICATION NUMBER | |
| Classification number | 363.7 |
| Item number | WOR |
| 942 ## - ADDED ENTRY ELEMENTS (KOHA) | |
| Item Type | Reports |
| 110 ## - MAIN ENTRY--CORPORATE NAME | |
| Corporate Name | World Commission on Environment and Development |
| 245 ## - TITLE STATEMENT | |
| Title | Our common future: |
| Sub Title | world commssion on environment and development |
| 260 ## - PUBLICATION, DISTRIBUTION, ETC. (IMPRINT) | |
| Place of Publication | Oxford: |
| Name of Publisher | Oxford University Press, |
| Date of Copyright | 1987 |
| 300 ## - PHYSICAL DESCRIPTION | |
| Extent | xv, 400 p. ; 21 cm. |
| Physical Details | Index included |
| 856 ## - ELECTRONIC LOCATION AND ACCESS | |
| Uniform Resource Identifier | <a href="https://sustainabledevelopment.un.org/content/documents/5987our-common-future.pdf">https://sustainabledevelopment.un.org/content/documents/5987our-common-future.pdf</a> |
| 650 ## - SUBJECT ADDED ENTRY--TOPICAL TERM | |
| Topical Term | ECONOMIC DEVELOPMENT-Environmental aspects |
| 650 ## - SUBJECT ADDED ENTRY--TOPICAL TERM | |
| Topical Term | Nature -- Effect of human beings on |
| 650 ## - SUBJECT ADDED ENTRY--TOPICAL TERM | |
| Topical Term | Human ecology |
| 650 ## - SUBJECT ADDED ENTRY--TOPICAL TERM | |
| Topical Term | Environmental policy -Australia |
| 650 ## - SUBJECT ADDED ENTRY--TOPICAL TERM | |
| Topical Term | Economic policy-Australia |
| 650 ## - SUBJECT ADDED ENTRY--TOPICAL TERM | |
| Topical Term | Sustainable development |
| Withdrawn status | Lost status | Source of classification or shelving scheme | Damaged status | Not for loan | Permanent location | Current location | Date acquired | Total Checkouts | Full call number | Barcode | Date last seen | Price effective from | Koha item type |
|---|---|---|---|---|---|---|---|---|---|---|---|---|---|
| Dewey Decimal Classification | Resource center, Muslim Women's Research And Action Forum | Resource center, Muslim Women's Research And Action Forum | 2023-08-17 | 363.7 WOR | RAF635 | 2023-08-17 | 2023-08-17 | Books |

